Com pots estalviar electricitat
Descripción Física:
6 p. plegades ; il. col. ; 14 x 20 cm.
Materias:
Energia -- Estalvi
Idioma:
Catalán
MARC
| LEADER | 00000nam a22000007a 4500 | ||
|---|---|---|---|
| 001 | 25075 | ||
| 008 | 211213b spa||||| |||| 00| 0 cat d | ||
| 080 | |a FU-67-111 | ||
| 245 | |a Com pots estalviar electricitat | ||
| 260 | |a Barcelona : |b Diputació de Barcelona. Àrea d'Atenció a les Persones ; |c 2018 | ||
| 300 | |a 6 p. plegades ; |b il. col. ; |c 14 x 20 cm. | ||
| 500 | |a També en castellà: "Cómo puedes ahorrar electricidad" (R. 25076) | ||
| 650 | 0 | |a Energia |x Estalvi |9 33412 | |
| 710 | |a Barcelona (Catalunya : Província). |b Àrea d'Atenció a les Persones |9 52421 | ||
| 942 | |2 udc |c ARXIU |n 1 | ||
| 952 | |0 0 |1 0 |4 0 |6 FU67111 |7 1 |9 60891 |a Arxiu |b Arxiu |d 2021-12-13 |o FU-67-111 |p 25075 |r 2021-12-13 00:00:00 |w 2021-12-13 |y ARXIU | ||
| 999 | |c 81017 |d 81017 | ||